000 00396nam a22001457a 4500
005 20240319102536.0
008 240319b ||||| |||| 00| 0 eng d
040 _cAL
041 _aeng
082 _223
_a070.43
_bPAUC
245 _aComponents of a Script and Script Writing an Analysis
260 _aMangalore
_bSt Aloysius College
_c2000
700 _aPAUL (Shaji)
_9155235
942 _2ddc
_cPRO
999 _c230498
_d230498